Văn học Việt Nam: Văn học trung đại Những công trình nghiên cứu

Gespeichert in:
Bibliographische Detailangaben
1. Verfasser: LÊ THU YẾN
Format: Buch
Sprache:Undetermined
Veröffentlicht: Hà Nội Giáo Dục 2000
Schlagworte:
Tags: Tag hinzufügen
Keine Tags, Fügen Sie den ersten Tag hinzu!
Thư viện lưu trữ: Trung tâm Học liệu Trường Đại học Cần Thơ
LEADER 00563nam a2200181Ia 4500
001 CTU_46376
008 210402s9999 xx 000 0 und d
082 |a 895.92209 
082 |b Y254 
100 |a LÊ THU YẾN 
245 0 |a Văn học Việt Nam: Văn học trung đại 
245 0 |b Những công trình nghiên cứu 
245 0 |c LÊ THU YẾN 
260 |a Hà Nội 
260 |b Giáo Dục 
260 |c 2000 
650 |a vietnamese literature - history and criticism 
980 |a Trung tâm Học liệu Trường Đại học Cần Thơ